000 00895nam a22002651u 4500
001 06053
003 HDC
007 cr bn ---
008 210122p xx fo d 00 engg
040 _aHDC
100 _aDr. Tabassum KHAN
_96349
245 0 _aGlobal Market Potential for Halal Vaccines /
_cby Dr. Tabassum KHAN
260 _a[No place] :
_b[publisher not identified],
_c2014
300 _a10 pages :
_bIllustrations
336 _atext
_2rdacontent
337 _acomputer
_2rdamedia
338 _aonline resource
_2rdacarrier
650 _aGlobal Market Potential
_96352
650 _aHalal industry
_9144
650 _aHalal Vaccines
_96351
856 _zRequest full-text at [email protected]
942 _2lcc
942 _cSLIDE
942 _kSLID 000661
999 _c3377
_d3377